000 00291nam a22001337a 4500
008 170605b xxu||||| |||| 00| 0 eng d
020 _a9781400067152
041 _aeng
080 _a94
100 _a18
101 _aSHH
245 _aA HISTORY THE PAPACY
_cJULIUS.J
942 _2udc
_cBK
999 _c15866
_d15866